| 000 | 00413nam a22001697a 4500 | ||
|---|---|---|---|
| 005 | 20180703123016.0 | ||
| 008 | 160611b xxu||||| |||| 00| 0 eng d | ||
| 020 | _a9780070484009 | ||
| 041 | _aeng | ||
| 082 |
_b6912 _a658.11 |
||
| 100 |
_aHisrich Robert D and Peters, Michal P. _94438 |
||
| 245 | _aEntrepreneurship | ||
| 260 |
_aNew Delhi _bTMH |
||
| 300 | _a648p, | ||
| 650 |
_aManagement _9241 |
||
| 942 | _cBK | ||
| 999 |
_c2404 _d2403 |
||